| 000 | 00511nam a2200193Ia 4500 | ||
|---|---|---|---|
| 003 | OSt | ||
| 005 | 20230321113120.0 | ||
| 008 | 210210b1978 xxu||||| |||| 00| 0 eng d | ||
| 040 | _cAL | ||
| 041 | _aEnglish | ||
| 082 | _a519.5 HOGI | ||
| 100 |
_aHOGG (Robert V) & CRAIG (Allen T). _976745 |
||
| 245 | _aIntroduction to mathematical statistics | ||
| 260 |
_aNew York _bMacmillan Publishers Ltd _c1978 |
||
| 300 | _ax,438 | ||
| 690 |
_aMathematical Statistics _976746 |
||
| 906 | _a057961 | ||
| 942 |
_2ddc _cBK |
||
| 999 |
_c105294 _d105294 |
||